00313nam a2200133Ia 4500008004100000041000800041082001500049100002100064245002700085260002200112300000800134365001600142700002100158230718s9999 xx 000 0 und d aeng a004.6bVED aVedpuriswar A.V. aCase Studies IT Sector c2005bICFAI Books a215 cRs.b350.00 aVedpuriswar A.V.